| 000 | 00000nas 2200000zi 4500 |
| 001 | 9.837561 |
| 003 | CaOODSP |
| 005 | 20250815145130 |
| 006 | m o d f |
| 007 | cr cn |||||||| |
| 008 | 170601d20172022abcar p o f0 b0fre|d |
| 022 | |a2561-1003 |
| 040 | |aCaOODSP|bfre|erda|cCaOODSP |
| 043 | |an-cn--- |
| 086 | 1 |aIu92-1/10F-PDF |
| 110 | 1 |aCanada. |bDiversification de l'économie de l'Ouest Canada, |eauteur, |eorganisme de publication. |
| 222 | 0|aRapport sur les résultats ministériels |b(Canada. Diversification de l'économie de l'Ouest Canada) |
| 245 | 10|aRapport sur les résultats ministériels / |cDiversification de l'économie de l'Ouest Canada. |
| 264 | 1|aEdmonton (Alberta) : |bDiversification de l'économie de l'Ouest Canada, |c[2017-2022] |
| 310 | |aAnnuel |
| 336 | |atexte|btxt|2rdacontent/fre |
| 337 | |ainformatique|bc|2rdamedia|3rdamedia/fre |
| 338 | |aressource en ligne|bcr|2rdacarrier |
| 362 | 1 |aParaît depuis : 2016/2017; ne paraît plus après : 2021/2022. |
| 500 | |aPublié aussi en anglais sous le titre : Departmental results report. |
| 588 | |aDescription d'après : 2016/2017; titre de la page couverture du fichier PDF. |
| 588 | |aDernière livraison consultée : 2021/2022. |
| 610 | 16|aCanada. |bDiversification de l'économie de l'Ouest Canada |xCrédits budgétaires et dépenses |vPériodiques. |
| 650 | 6|aDépenses publiques|vPériodiques. |
| 655 | 7|aPériodiques|2rvmgf |
| 775 | 08|tDepartmental results report / |w(CaOODSP)9.837559 |
| 780 | 00|tRapport ministériel sur le rendement |w(CaOODSP)9.502889 |
| 785 | 00|tRapport sur les résultats ministériels / |w(CaOODSP)9.927694 |
| 785 | 00|tRapport sur les résultats ministériels ... / |w(CaOODSP)9.930534 |